| 000 | 00661aas a2200205 4500 | ||
|---|---|---|---|
| 999 |
_c49875 _d49875 |
||
| 001 | 768714001 | ||
| 003 | CO-MdFUSB | ||
| 005 | 20171019122125.0 | ||
| 008 | 171019s1998 xxu||||| |||| 00| 0 eng d | ||
| 022 | _a0277-9935 | ||
| 040 |
_aCO-MdFUSB _bspa _cCO-MdFUSB _dCO-MdFUSB |
||
| 041 | _aeng | ||
| 100 | 1 |
_aBehle, J. Gregory _eautor |
|
| 242 | _aAquí levanto mi ebenezer | ||
| 245 | 0 |
_aHere I raise mine ebenezer _c/ J. Gregory Behle |
|
| 300 |
_aVolumen 2. Número 2 (1998), páginas 9-31 _c: 23 cm. |
||
| 546 | _aTexto en inglés | ||
| 773 | 0 |
_tChristian education journal _049475 _960882 _gVolumen 2. Número 2 (1998), páginas 9-31 _qPágina 9 |
|
| 942 | _cANA | ||